| 000 | 00828cpcaa2200253 4500 | ||
|---|---|---|---|
| 001 | mm 82041319 | ||
| 003 | DLC | ||
| 005 | 20260227111714.0 | ||
| 008 | 821206|||||||||||| eng | ||
| 010 | _amm 82041319 | ||
| 040 |
_aDLC _cDLC _edacs _dDLC |
||
| 072 | 7 |
_aL _2lcmd |
|
| 100 | 1 |
_aByrom, John, _d1692-1763. |
|
| 245 | 0 | 0 |
_aStenographic handbooks of John Byrom, _f1742. |
| 300 |
_a5 _fitems. |
||
| 300 |
_a1 _fcontainer. |
||
| 506 | 0 | _aOpen to research. | |
| 545 | 0 | _aBritish poet, hymnologist, and inventor of a stenographic writing method. | |
| 546 | _aCollection material in English. | ||
| 656 | 7 |
_aInventors. _2itoamc |
|
| 656 | 7 |
_aHymnologists. _2itoamc |
|
| 656 | 7 |
_aPoets. _2itoamc |
|
| 999 |
_c43601 _d43601 |
||